| 000 | 00385nam a2200181Ia 4500 | ||
|---|---|---|---|
| 005 | 20240823061923.0 | ||
| 008 | 240823s9999||||xx |||||||||||||| ||und|| | ||
| 041 | _aENGLISH | ||
| 082 | _A781.642 Q9 | ||
| 100 | _aG S S | ||
| 245 | 0 | _aNaadugalin Varalaru | |
| 250 | _a3rd | ||
| 260 |
_c2019 _bThe |
||
| 500 | _aYES | ||
| 650 |
_aTamil _bGeneral |
||
| 942 | _cBK | ||
| 999 |
_c234675 _d234675 |
||